Statistiques concernant Les villes les plus musicales du monde en 2024

Cliquez ici pour prendre le quiz!

Statistiques générales

  • Ce quiz a été pris 27 fois
  • Le résultat moyen est 23 sur 30

Statistiques - réponses

HintRéponse% Correct
1EuropeRoyaume-UniLondres
100%
2AmériqueEtats-UnisNew York
100%
3EuropeFranceParis
100%
14AsieJaponTokyo
100%
21EuropeEspagneBarcelone
96%
5EuropeAllemagneBerlin
96%
4AmériqueEtats-UnisLos Angeles
96%
11OcéanieAustralieSydney
96%
10EuropeSuèdeStockholm
92%
23EuropeAutricheVienne
92%
18AmériqueArgentineBuenos Aires
88%
19AmériqueEtats-UnisMiami
88%
26EuropeItalieMilan
88%
6AsieCorée-du-SudSéoul
88%
17EuropeRoyaume-UniManchester
85%
27AmériqueMexiqueMexico
85%
7AmériqueEtats-UnisChicago
77%
29AmériqueJamaïqueKingston
77%
30AmériqueCubaLa Havane
77%
13AmériqueCanadaToronto
69%
12EuropeAllemagneHambourg
62%
16AmériqueEtats-UnisSeattle
62%
9AmériqueEtats-UnisSan Francisco
58%
24AmériqueEtats-UnisHouston
54%
20AmériqueEtats-UnisBoston
50%
22AmériqueEtats-UnisDetroit
50%
8AmériqueEtats-UnisAtlanta
46%
25AmériqueEtats-UnisLa Nouvelle-Orléans
31%
15AmériqueEtats-UnisNashville
31%
28AmériquePorto RicoSan Juan
23%

Distribution des résultats

Percentile par nombre de réponses

% des personnes avec chaque résultat

Votre développement - résultats

Vous n’avez pas pris ce quiz